| 000 | 00547aam a2200205 4500 | ||
|---|---|---|---|
| 005 | 20231011141617.0 | ||
| 008 | 150416b xxu||||| |||| 00| 0 spa d | ||
| 041 | _aspa | ||
| 082 | _a155.23 R627a | ||
| 100 |
_aRiso, Walter _911481 |
||
| 245 | _aAmores altamente peligrosos | ||
| 260 |
_aColombia _bNorma _c2008 |
||
| 300 | _a264 páginas | ||
| 650 | _aSUPERACIÓN PERSONAL | ||
| 650 | _aAMOR | ||
| 650 | _aRELACIONES DE PAREJA | ||
| 650 | _aASPECTOS PSICOLÓGICOS | ||
| 650 | _aCOTEJO AMOROSO | ||
| 942 |
_cLIT _2ddc |
||
| 999 |
_c4680 _d4680 |
||